000 00751nam a2200289Ia 4500
005 20260324134736.0
008 008 260324s9999 xx 000 0 eng d
020 _a9781315069258
037 _aEBOOK
040 _aCRL
040 _beng
040 _cCRL
041 _2eng
041 _aeng
084 _qCRL
100 _aMartin Hollins; Virginia Whitby; Maggie Williams
_91197973
245 0 _aProgression in Primary Science
245 2 _bA Guide to the Nature and Practice of Science in Key Stages 1 and 2
260 _bTaylor and Francis
260 _c2001
365 _a
365 _b230
856 _uhttp://www.taylorfrancis.com/books/9781315069258
942 _cEBOOK
999 _c1798364
_d1798364